| 000 | 01215cam a2200217 4500 | ||
|---|---|---|---|
| 001 | WB@3612-97 | ||
| 008 | 040824n2004 000 0 eng u | ||
| 035 | _a(Sirsi) u127148 | ||
| 245 | _aRevisions to Part L | ||
| 260 | _c2004 | ||
| 490 |
_aBRE Press Release _v22 August 2004 (3) |
||
| 520 | _aTwo-and-a-half years on from the last revisions to Part L of the Building Regulations, the industry has been invited to comment on further suggested changes to them, and recommendations regarding the implementation of the Energy Performance of Buildings Directive (2002/91/EC). The BRE has reviewed the consultation proposals and largely welcomes them although it has a few concerns regarding the reliance placed on the Housing Bill and the Secure and Sustainable Buildings Act 2004. To view the full response from the BRE go to the website. http://www.bre.co.uk/news.jsp?id=242 | ||
| 590 | _aWB | ||
| 590 | _aWB | ||
| 650 | _aBUILDING REGULATIONS 2000 APPROVED DOCUMENT L1 (2002 EDITION) | ||
| 650 | _aBUILDING REGULATIONS 2000 APPROVED DOCUMENT L2 (2002 EDITION) | ||
| 650 | _aENERGY-EFFICIENCY | ||
| 650 | _aCARBON EMISSIONS | ||
| 690 | _aBUILDING AND CONSTRUCTION-REGULATION AND CONTROL | ||
| 942 | _n0 | ||
| 999 |
_c117887 _d117887 |
||